<?xml version="1.0" encoding="UTF-8"?>
<record
    xmlns:xsi="http://www.w3.org/2001/XMLSchema-instance"
    xsi:schemaLocation="http://www.loc.gov/MARC21/slim http://www.loc.gov/standards/marcxml/schema/MARC21slim.xsd"
    xmlns="http://www.loc.gov/MARC21/slim">

  <leader>02590    a2200277   4500</leader>
  <controlfield tag="001">2162214035926813</controlfield>
  <controlfield tag="003">UA-OsUOA</controlfield>
  <controlfield tag="005">20260514113924.0</controlfield>
  <controlfield tag="008">260514b        un c|||| |||| 00| pdukr d</controlfield>
  <datafield tag="040" ind1=" " ind2=" ">
    <subfield code="a">UA-OsUOA</subfield>
    <subfield code="b">ukr</subfield>
    <subfield code="c">UA-OsUOA</subfield>
    <subfield code="d">UA-OsUOA</subfield>
  </datafield>
  <datafield tag="041" ind1=" " ind2=" ">
    <subfield code="a">ukr</subfield>
  </datafield>
  <datafield tag="080" ind1=" " ind2=" ">
    <subfield code="a">821.161.2(450)</subfield>
  </datafield>
  <datafield tag="090" ind1=" " ind2=" ">
    <subfield code="a">821.161.2(450)</subfield>
    <subfield code="b">&#x41B;47</subfield>
  </datafield>
  <datafield tag="100" ind1=" " ind2=" ">
    <subfield code="a">&#x41B;&#x435;&#x43E;&#x43F;&#x430;&#x440;&#x434;&#x456; &#x414;.</subfield>
    <subfield code="9">25237</subfield>
  </datafield>
  <datafield tag="245" ind1=" " ind2=" ">
    <subfield code="a">&#x41F;&#x43E;&#x435;&#x437;&#x456;&#x457;</subfield>
    <subfield code="c">&#x43F;&#x435;&#x440;&#x435;&#x43A;&#x43B;. &#x437; &#x456;&#x442;&#x430;&#x43B;. ; &#x443;&#x43F;&#x43E;&#x440;&#x44F;&#x434;. &#x41C;. &#x406;. &#x41B;&#x438;&#x442;&#x432;&#x438;&#x43D;&#x435;&#x446;&#x44C; ; &#x430;&#x432;&#x442;. &#x43F;&#x435;&#x440;&#x435;&#x434;&#x43C;. &#x442;&#x430; &#x43F;&#x440;&#x438;&#x432;&#x456;&#x442;. &#x41E;. &#x411;. &#x410;&#x43B;&#x435;&#x43A;&#x441;&#x454;&#x454;&#x43D;&#x43A;&#x43E;</subfield>
  </datafield>
  <datafield tag="260" ind1=" " ind2=" ">
    <subfield code="a">&#x41A;&#x438;&#x457;&#x432;</subfield>
    <subfield code="b">&#x414;&#x43D;&#x456;&#x43F;&#x440;&#x43E;</subfield>
    <subfield code="c">1988</subfield>
  </datafield>
  <datafield tag="300" ind1=" " ind2=" ">
    <subfield code="a">171 &#x441;.</subfield>
  </datafield>
  <datafield tag="490" ind1=" " ind2=" ">
    <subfield code="a">&#x41F;&#x435;&#x440;&#x43B;&#x438;&#x43D;&#x438; &#x441;&#x432;&#x456;&#x442;&#x43E;&#x432;&#x43E;&#x457; &#x43B;&#x456;&#x440;&#x438;&#x43A;&#x438;</subfield>
  </datafield>
  <datafield tag="520" ind1=" " ind2=" ">
    <subfield code="a">&#x417;&#x431;&#x456;&#x440;&#x43A;&#x430; &#x437;&#x43D;&#x430;&#x439;&#x43E;&#x43C;&#x438;&#x442;&#x44C; &#x443;&#x43A;&#x440;&#x430;&#x457;&#x43D;&#x441;&#x44C;&#x43A;&#x43E;&#x433;&#x43E; &#x447;&#x438;&#x442;&#x430;&#x447;&#x430; &#x437; &#x445;&#x443;&#x434;&#x43E;&#x436;&#x43D;&#x456;&#x43C; &#x441;&#x43F;&#x430;&#x434;&#x43A;&#x43E;&#x43C; &#x414;&#x436;&#x430;&#x43A;&#x43E;&#x43C;&#x43E; &#x41B;&#x435;&#x43E;&#x43F;&#x430;&#x440;&#x434;&#x456; (1798&#x2013;1837) &#x2014; &#x432;&#x438;&#x434;&#x430;&#x442;&#x43D;&#x43E;&#x433;&#x43E; &#x456;&#x442;&#x430;&#x43B;&#x456;&#x439;&#x441;&#x44C;&#x43A;&#x43E;&#x433;&#x43E; &#x43F;&#x43E;&#x435;&#x442;&#x430;, &#x43C;&#x438;&#x441;&#x43B;&#x438;&#x442;&#x435;&#x43B;&#x44F; &#x442;&#x430; &#x43A;&#x43B;&#x44E;&#x447;&#x43E;&#x432;&#x43E;&#x457; &#x43F;&#x43E;&#x441;&#x442;&#x430;&#x442;&#x456; &#x454;&#x432;&#x440;&#x43E;&#x43F;&#x435;&#x439;&#x441;&#x44C;&#x43A;&#x43E;&#x433;&#x43E; &#x440;&#x43E;&#x43C;&#x430;&#x43D;&#x442;&#x438;&#x437;&#x43C;&#x443;. &#x414;&#x43E; &#x43A;&#x43D;&#x438;&#x433;&#x438; &#x443;&#x432;&#x456;&#x439;&#x448;&#x43B;&#x438; &#x439;&#x43E;&#x433;&#x43E; &#x437;&#x43D;&#x430;&#x43C;&#x435;&#x43D;&#x438;&#x442;&#x456; &#xAB;&#x41F;&#x456;&#x441;&#x43D;&#x456;&#xBB; (Canti), &#x44F;&#x43A;&#x456; &#x432;&#x432;&#x430;&#x436;&#x430;&#x44E;&#x442;&#x44C;&#x441;&#x44F; &#x432;&#x435;&#x440;&#x448;&#x438;&#x43D;&#x43E;&#x44E; &#x456;&#x442;&#x430;&#x43B;&#x456;&#x439;&#x441;&#x44C;&#x43A;&#x43E;&#x457; &#x43B;&#x456;&#x440;&#x438;&#x43A;&#x438; XIX &#x441;&#x442;&#x43E;&#x43B;&#x456;&#x442;&#x442;&#x44F;. &#x41F;&#x43E;&#x435;&#x437;&#x456;&#x44F; &#x41B;&#x435;&#x43E;&#x43F;&#x430;&#x440;&#x434;&#x456; &#x43F;&#x440;&#x43E;&#x441;&#x44F;&#x43A;&#x43D;&#x443;&#x442;&#x430; &#x433;&#x43B;&#x438;&#x431;&#x43E;&#x43A;&#x438;&#x43C; &#x444;&#x456;&#x43B;&#x43E;&#x441;&#x43E;&#x444;&#x441;&#x44C;&#x43A;&#x438;&#x43C; &#x43F;&#x435;&#x441;&#x438;&#x43C;&#x456;&#x437;&#x43C;&#x43E;&#x43C;, &#x442;&#x443;&#x433;&#x43E;&#x44E; &#x437;&#x430; &#x432;&#x442;&#x440;&#x430;&#x447;&#x435;&#x43D;&#x438;&#x43C;&#x438; &#x456;&#x43B;&#x44E;&#x437;&#x456;&#x44F;&#x43C;&#x438;, &#x440;&#x43E;&#x437;&#x434;&#x443;&#x43C;&#x430;&#x43C;&#x438; &#x43F;&#x440;&#x43E; &#x441;&#x443;&#x432;&#x43E;&#x440;&#x443; &#x43F;&#x440;&#x438;&#x440;&#x43E;&#x434;&#x443; &#x442;&#x430; &#x442;&#x440;&#x430;&#x433;&#x456;&#x447;&#x43D;&#x443; &#x434;&#x43E;&#x43B;&#x44E; &#x43B;&#x44E;&#x434;&#x441;&#x442;&#x432;&#x430;, &#x449;&#x43E; &#x432;&#x43E;&#x434;&#x43D;&#x43E;&#x447;&#x430;&#x441; &#x43F;&#x43E;&#x454;&#x434;&#x43D;&#x443;&#x454;&#x442;&#x44C;&#x441;&#x44F; &#x437; &#x43D;&#x435;&#x439;&#x43C;&#x43E;&#x432;&#x456;&#x440;&#x43D;&#x43E;&#x44E; &#x43C;&#x443;&#x437;&#x438;&#x447;&#x43D;&#x456;&#x441;&#x442;&#x44E; &#x442;&#x430; &#x43A;&#x440;&#x430;&#x441;&#x43E;&#x44E; &#x441;&#x43B;&#x43E;&#x432;&#x430;.
&#x423;&#x43F;&#x43E;&#x440;&#x44F;&#x434;&#x43A;&#x443;&#x432;&#x430;&#x43D;&#x43D;&#x44F; &#x432;&#x438;&#x434;&#x430;&#x43D;&#x43D;&#x44F; &#x442;&#x430; &#x43C;&#x430;&#x439;&#x441;&#x442;&#x435;&#x440;&#x43D;&#x438;&#x439; &#x43F;&#x435;&#x440;&#x435;&#x43A;&#x43B;&#x430;&#x434; &#x437; &#x456;&#x442;&#x430;&#x43B;&#x456;&#x439;&#x441;&#x44C;&#x43A;&#x43E;&#x457; &#x43C;&#x43E;&#x432;&#x438; &#x437;&#x434;&#x456;&#x439;&#x441;&#x43D;&#x438;&#x432; &#x432;&#x456;&#x434;&#x43E;&#x43C;&#x438;&#x439; &#x443;&#x43A;&#x440;&#x430;&#x457;&#x43D;&#x441;&#x44C;&#x43A;&#x438;&#x439; &#x43F;&#x435;&#x440;&#x435;&#x43A;&#x43B;&#x430;&#x434;&#x430;&#x447; &#x41C;&#x438;&#x445;&#x430;&#x439;&#x43B;&#x43E; &#x41B;&#x438;&#x442;&#x432;&#x438;&#x43D;&#x435;&#x446;&#x44C;. &#x410;&#x432;&#x442;&#x43E;&#x440;&#x441;&#x442;&#x432;&#x43E; &#x491;&#x440;&#x443;&#x43D;&#x442;&#x43E;&#x432;&#x43D;&#x43E;&#x457; &#x43F;&#x435;&#x440;&#x435;&#x434;&#x43C;&#x43E;&#x432;&#x438; &#x442;&#x430; &#x43F;&#x440;&#x438;&#x43C;&#x456;&#x442;&#x43E;&#x43A; (&#x443; &#x437;&#x430;&#x43F;&#x438;&#x442;&#x456; &#x434;&#x440;&#x443;&#x43A;&#x430;&#x440;&#x441;&#x44C;&#x43A;&#x430; &#x43F;&#x43E;&#x43C;&#x438;&#x43B;&#x43A;&#x430; &#xAB;&#x43F;&#x440;&#x438;&#x432;&#x456;&#x442;.&#xBB;) &#x43D;&#x430;&#x43B;&#x435;&#x436;&#x438;&#x442;&#x44C; &#x43B;&#x456;&#x442;&#x435;&#x440;&#x430;&#x442;&#x443;&#x440;&#x43E;&#x437;&#x43D;&#x430;&#x432;&#x446;&#x44E; &#x41E;&#x43B;&#x435;&#x43D;&#x456; &#x410;&#x43B;&#x435;&#x43A;&#x441;&#x454;&#x454;&#x43D;&#x43A;&#x43E;. &#x41A;&#x43D;&#x438;&#x433;&#x430; &#x432;&#x438;&#x434;&#x430;&#x43D;&#x430; &#x443; &#x437;&#x440;&#x443;&#x447;&#x43D;&#x43E;&#x43C;&#x443; &#x43A;&#x438;&#x448;&#x435;&#x43D;&#x44C;&#x43A;&#x43E;&#x432;&#x43E;&#x43C;&#x443; &#x444;&#x43E;&#x440;&#x43C;&#x430;&#x442;&#x456; &#x441;&#x435;&#x440;&#x456;&#x457; &#x442;&#x430; &#x454; &#x432;&#x430;&#x436;&#x43B;&#x438;&#x432;&#x43E;&#x44E; &#x432;&#x456;&#x445;&#x43E;&#x44E; &#x432; &#x443;&#x43A;&#x440;&#x430;&#x457;&#x43D;&#x441;&#x44C;&#x43A;&#x43E;&#x43C;&#x443; &#x437;&#x430;&#x441;&#x432;&#x43E;&#x454;&#x43D;&#x43D;&#x456; &#x456;&#x442;&#x430;&#x43B;&#x456;&#x439;&#x441;&#x44C;&#x43A;&#x43E;&#x457; &#x43A;&#x43B;&#x430;&#x441;&#x438;&#x43A;&#x438;.</subfield>
  </datafield>
  <datafield tag="650" ind1=" " ind2=" ">
    <subfield code="a">82 &#x41B;&#x456;&#x442;&#x435;&#x440;&#x430;&#x442;&#x443;&#x440;&#x430;. &#x41B;&#x456;&#x442;&#x435;&#x440;&#x430;&#x442;&#x443;&#x440;&#x43E;&#x437;&#x43D;&#x430;&#x432;&#x441;&#x442;&#x432;&#x43E;</subfield>
    <subfield code="9">15</subfield>
  </datafield>
  <datafield tag="700" ind1="1" ind2=" ">
    <subfield code="a">&#x41B;&#x438;&#x442;&#x432;&#x438;&#x43D;&#x435;&#x446;&#x44C; &#x41C;. &#x406;.</subfield>
    <subfield code="9">25238</subfield>
  </datafield>
  <datafield tag="700" ind1="1" ind2=" ">
    <subfield code="a">&#x410;&#x43B;&#x435;&#x43A;&#x441;&#x454;&#x454;&#x43D;&#x43A;&#x43E; &#x41E;. &#x411;.</subfield>
    <subfield code="9">25239</subfield>
  </datafield>
  <datafield tag="942" ind1=" " ind2=" ">
    <subfield code="c">BK</subfield>
    <subfield code="2">udc</subfield>
  </datafield>
  <datafield tag="955" ind1=" " ind2=" ">
    <subfield code="a">3</subfield>
  </datafield>
  <datafield tag="999" ind1=" " ind2=" ">
    <subfield code="c">580700</subfield>
    <subfield code="d">580700</subfield>
  </datafield>
  <datafield tag="952" ind1=" " ind2=" ">
    <subfield code="0">0</subfield>
    <subfield code="1">0</subfield>
    <subfield code="2">udc</subfield>
    <subfield code="4">0</subfield>
    <subfield code="7">0</subfield>
    <subfield code="8">C_Shevchuk_V.</subfield>
    <subfield code="a">101</subfield>
    <subfield code="b">101</subfield>
    <subfield code="d">2026-05-14</subfield>
    <subfield code="e">&#x410;&#x43A;&#x442; &#x2116;24/28.04.2026</subfield>
    <subfield code="g">15.00</subfield>
    <subfield code="i">169936</subfield>
    <subfield code="l">0</subfield>
    <subfield code="o">821.161.2(450) &#x41B;47</subfield>
    <subfield code="p">169936</subfield>
    <subfield code="r">2026-05-14 11:40:22</subfield>
    <subfield code="v">15.00</subfield>
    <subfield code="w">2026-05-14</subfield>
    <subfield code="y">BK</subfield>
  </datafield>
</record>
